| 000 | 00460nam a2200145Ia 4500 | ||
|---|---|---|---|
| 008 | 140724s9999 xx 000 0 und d | ||
| 050 |
_aHB 615 _b.B183 2011 |
||
| 100 | _aBalenton, Gabriel Franco R. | ||
| 245 |
_aTeacup Grill / _cGabriel Franco R. Balenton. |
||
| 260 |
_aLas PiƱas, Philippines : _bSouthville International School and Colleges, _cc2011. |
||
| 300 |
_a41 p. : _bcol. Ill. ; _c28 cm. |
||
| 521 | _aEntrepeneur | ||
| 942 | _cTH | ||
| 999 |
_c228778 _d228778 |
||